Welcome to the Holygrace Academy Library

Please use search bar below to get started

GREAT AUTHORS' SHORT STORIES (Record no. 3523)

MARC details
000 -LEADER
fixed length control field 00278nam a22001217a 4500
082 ## - DEWEY DECIMAL CLASSIFICATION NUMBER
Classification number 823
Item number MOO/G
100 ## - MAIN ENTRY--AUTHOR NAME
Personal name MOORE,PATRICIA
245 ## - TITLE STATEMENT
Title GREAT AUTHORS' SHORT STORIES
260 ## - PUBLICATION, DISTRIBUTION, ETC. (IMPRINT)
Place of publication NEW DELHI
Name of publisher MAANU GRAPHICS
300 ## - PHYSICAL DESCRIPTION
Number of Pages 144
650 ## - SUBJECT ADDED ENTRY--TOPICAL TERM
Topical Term SHORT STORIES
Geographic subdivision NEW DELHI
942 ## - ADDED ENTRY ELEMENTS (KOHA)
Koha item type Books
Holdings
Withdrawn status Lost status Collection code Home library Current library Shelving location Date acquired Source of acquisition Full call number Accession Number Koha item type
    Fiction Main Library Main Library SHELF 16-A- ENGLISH LITERATURE COLLECTION OF WORKS 06/11/2012 PURCHASE 823 MOO/G 06468 Books